000
00308nam a22001217a 4500
008
160423b xxu||||| |||| 00| 0 eng d
020
_a
9781451130607
020
_a
1451130600
041
_a
eng
080
_a
618.2
245
_a
Medical surgical nursing:
_c
Janice L. Hinkle; Kerry H. Cheever;
942
_2
udc
_c
BK
999
_c
1539
_d
1539